00692nam a22002057a 450000500170000001000150001702000260003203500140005803700090007208200090008110000330009024500430012325000060016626000340017227000700020630000200027694200200029699900190031695201510033520260529143319.0 aENG-148684 a9789347590856c550.00 aEN-132216 bDBAD aN21 aMaugham, W. Somerset 989234 aOf Human Bondage/cW. Somerset Maugham a1 aChandigarhbThe Browserc2026 bChandigarhaSCO 14-15, Sector 8-Ce160009mservice@thebrowser.org a612p.c20cm(pb) 2ddccENhNmMAU c216399d216399 001040708FICaRKPbRKPd2026-05-29eDelivery of Books Act Divisiong550.00l0oN MAUpEN-132216r2026-05-29 14:33:45t1v550.00w2026-05-29yEN